Atommächte - Statistiken

Allgemein
  • Dieses Quiz wurde 201 mal gespielt
  • Das Durchschnittsergebnis liegt bei 8 aus 9
Antwortstatistiken
Hint Antwort % Korrekt
5977 Russland
99%
5428 Vereinigte Staaten
99%
290 Frankreich
97%
350 China
95%
20 Nordkorea
91%
160 Indien
90%
225 Vereinigtes Königreich
88%
165 Pakistan
80%
90 Israel
68%
Keine übereinstimmenden Quizze gefunden
Verteilung der Resultate
Anzahl Personen mit jedem Resultat
Perzentil nach korrekt beantworteten Fragen
Ihre Resultats-Entwicklung
Sie haben dieses Quiz noch nicht gespielt